[Event "Castellon Region-ch"]
[Site "Vila Real"]
[Date "2015.10.03"]
[Round "2"]
[White "Rivera Lirio, Francisco"]
[Black "Gimeno Simo, Sergio"]
[Result "0-1"]
[WhiteElo "1483"]
[BlackElo "1753"]
[PlyCount "50"]
[EventDate "2015.10.03"]
[EventType "swiss"]
[EventRounds "7"]
[EventCountry "ESP"]
[SourceTitle "EXT 2024"]
[Source "ChessBase"]
[SourceDate "2023.10.10"]
[SourceVersion "1"]
[SourceVersionDate "2023.10.10"]
[SourceQuality "1"]

1. d4 d5 2. Nf3 Nf6 3. g3 c6 4. Bg2 Bf5 5. 0-0 Qc8 6. b3 Bh3 7. Bb2 Bxg2 8. Kxg2 e6 9. Nbd2 Be7 10. c4 h5 11. a3 h4 12. Nxh4 Ng4 13. Rh1 Bxh4 14. gxh4 Qd8 15. Nf3 Nd7 16. Kf1 Ndf6 17. Rg1 Qd6 18. h3 Nh2+ 19. Ke1 Nxf3+ 20. exf3 Rxh4 21. Rh1 0-0-0 22. Rc1 Rdh8 23. b4 Rxh3 24. Rxh3 Rxh3 25. cxd5 Rh1+ 0-1

[Event "Provincial-ch Vila Real"]
[Site "Vila Real"]
[Date "2014.10.18"]
[Round "4.10"]
[White "Arsis Lopez, Jordi"]
[Black "Rivera Lirio, Francisco"]
[Result "0-1"]
[WhiteElo "1381"]
[BlackElo "1494"]
[PlyCount "138"]
[EventDate "2014.09.27"]
[EventType "swiss"]
[EventRounds "7"]
[EventCountry "ESP"]
[SourceTitle "EXT 2024"]
[Source "ChessBase"]
[SourceDate "2023.10.10"]
[SourceVersion "1"]
[SourceVersionDate "2023.10.10"]
[SourceQuality "1"]

1. d4 Nf6 2. Nf3 g6 3. Bf4 Bg7 4. e3 0-0 5. Be2 d6 6. h3 c5 7. c3 Nbd7 8. Nbd2 b6 9. 0-0 Bb7 10. Bh2 Rc8 11. Rc1 Re8 12. Qa4 a6 13. Bxa6 Ra8 14. Ng5 Rxa6 15. Qb3 d5 16. e4 e6 17. Ngf3 Qa8 18. e5 Ne4 19. Nb1 Rc8 20. Kh1 Bc6 21. Qc2 Ba4 22. Qe2 Ra5 23. Rfe1 Bb5 24. Qc2 Qa6 25. Rcd1 Rxa2 26. Na3 Ba4 27. Qb1 Bxd1 28. Qxa2 Qd3 29. Qb1 Qa6 30. Qc1 Nxf2+ 31. Kg1 Nd3 32. Qxd1 Nxe1 33. Qxe1 Bh6 34. Qh4 Be3+ 35. Kh1 cxd4 36. Qe1 Qd3 37. Bg1 Bxg1 38. Nxg1 dxc3 39. bxc3 Qxc3 40. Qxc3 Rxc3 41. Nb5 Rc1 42. Kh2 f6 43. exf6 Nxf6 44. Nf3 Rb1 45. Nbd4 Kf7 46. Ne5+ Ke7 47. Ndc6+ Kd6 48. Kg3 g5 49. h4 h6 50. hxg5 hxg5 51. Kf3 d4 52. Ke2 Rb2+ 53. Kf3 b5 54. g3 Rb3+ 55. Kf2 Ne4+ 56. Ke1 Rc3 57. g4 Rxc6 58. Nxc6 Kxc6 59. Ke2 Kc5 60. Kd3 Nd6 61. Kc2 Kc4 62. Kc1 Kc3 63. Kd1 b4 64. Kc1 d3 65. Kb1 d2 66. Ka2 e5 67. Kb1 d1Q+ 68. Ka2 Qb3+ 69. Ka1 Qb2# 0-1

[Event "Provincial-ch Moncofa"]
[Site "Moncofa"]
[Date "2013.10.19"]
[Round "3"]
[White "Moran Marzal, Francisco Javier"]
[Black "Rivera Lirio, Francisco"]
[Result "1-0"]
[WhiteElo "1815"]
[BlackElo "1508"]
[PlyCount "51"]
[EventDate "2013.10.05"]
[EventType "swiss"]
[EventRounds "7"]
[EventCountry "ESP"]
[SourceTitle "EXT 2024"]
[Source "ChessBase"]
[SourceDate "2023.10.10"]
[SourceVersion "1"]
[SourceVersionDate "2023.10.10"]
[SourceQuality "1"]

1. e4 c5 2. Nf3 Nc6 3. d4 cxd4 4. Nxd4 g6 5. Nc3 Bg7 6. Be3 d6 7. Qd2 Bd7 8. 0-0-0 a6 9. h4 h5 10. f3 Ne5 11. Kb1 Qc7 12. Nd5 Qd8 13. Nb3 Nf6 14. Bb6 Qc8 15. Nc7+ Kf8 16. Nxa8 Qxa8 17. Bd4 Nc6 18. Bc3 b6 19. Bd3 Be6 20. Nd4 Nd7 21. Nxe6+ fxe6 22. Bxg7+ Kxg7 23. g4 Qb7 24. Rdg1 Nde5 25. Qe3 Rf8 26. gxh5 1-0

[Event "Provincial-ch Vila Real"]
[Site "Vila Real"]
[Date "2012.10.06"]
[Round "2"]
[White "Rivera Lirio, Francisco"]
[Black "Sos Andreu, Eric"]
[Result "0-1"]
[WhiteElo "1544"]
[BlackElo "2144"]
[PlyCount "42"]
[EventDate "2012.10.06"]
[EventType "swiss"]
[EventRounds "7"]
[EventCountry "ESP"]
[SourceTitle "EXT 2024"]
[Source "ChessBase"]
[SourceDate "2023.10.10"]
[SourceVersion "1"]
[SourceVersionDate "2023.10.10"]
[SourceQuality "1"]

1. d4 Nf6 2. Nf3 g6 3. g3 Bg7 4. Bg2 0-0 5. 0-0 d6 6. b3 Nc6 7. Bb2 e5 8. dxe5 Ng4 9. Nbd2 Ngxe5 10. Nxe5 Nxe5 11. Rb1 a5 12. a4 Qe7 13. Re1 h5 14. h3 h4 15. g4 f5 16. f4 Nc6 17. Bxg7 Kxg7 18. Nf3 fxg4 19. hxg4 Qe3+ 20. Kh1 Bxg4 21. Nxh4 Rh8 0-1

[Event "Castellon Provincial-ch"]
[Site "Castellon"]
[Date "2011.10.01"]
[Round "1.5"]
[White "Sos Andreu, Eric"]
[Black "Rivera Lirio, Francisco"]
[Result "1-0"]
[WhiteElo "2070"]
[BlackElo "1605"]
[PlyCount "35"]
[EventDate "2011.10.01"]
[EventType "swiss"]
[EventRounds "7"]
[EventCountry "ESP"]
[SourceTitle "EXT 2024"]
[Source "ChessBase"]
[SourceDate "2023.10.10"]
[SourceVersion "1"]
[SourceVersionDate "2023.10.10"]
[SourceQuality "1"]

1. e4 c5 2. Nf3 Nc6 3. c3 e5 4. Bb5 Nge7 5. 0-0 g6 6. d4 Qb6 7. Bxc6 Nxc6 8. d5 Nb8 9. Nxe5 Qf6 10. Nc4 d6 11. f4 Nd7 12. e5 Qg7 13. Re1 Kd8 14. Qe2 dxe5 15. fxe5 b5 16. Bg5+ Kc7 17. d6+ Kb8 18. Na5 1-0